| 000 | 01907nam a2200433 a 4500 | ||
|---|---|---|---|
| 001 | ebr10183343 | ||
| 003 | CaPaEBR | ||
| 006 | m u | ||
| 007 | cr cn||||||||| | ||
| 008 | 030418s2003 nyua sb 001 0 eng | ||
| 010 | _z 2003051500 | ||
| 020 | _z0231119380 (acid-free paper) | ||
| 040 |
_aCaPaEBR _cCaPaEBR |
||
| 035 | _a(OCoLC)213304718 | ||
| 043 |
_an-us--- _ae-uk--- _aa-vt--- |
||
| 050 | 1 | 4 |
_aPR120.S64 _bG65 2003eb |
| 082 | 0 | 4 |
_a821/.9109358 _221 |
| 100 | 1 | _aGoldensohn, Lorrie. | |
| 245 | 1 | 0 |
_aDismantling glory _h[electronic resource] : _btwentieth-century soldier poetry / _cLorrie Goldensohn. |
| 246 | 3 | 0 | _aTwentieth-century soldier poetry |
| 246 | 3 | _a20th century soldier poetry | |
| 260 |
_aNew York : _bColumbia University Press, _cc2003. |
||
| 300 |
_axiv, 372 p. : _bill. |
||
| 504 | _aIncludes bibliographical references (p. [345]-354) and index. | ||
| 533 |
_aElectronic reproduction. _bPalo Alto, Calif. : _cebrary, _d2013. _nAvailable via World Wide Web. _nAccess may be limited to ebrary affiliated libraries. |
||
| 650 | 0 |
_aSoldiers' writings, English _xHistory and criticism. |
|
| 650 | 0 |
_aEnglish poetry _y20th century _xHistory and criticism. |
|
| 650 | 0 |
_aVietnam War, 1961-1975 _xLiterature and the war. |
|
| 650 | 0 |
_aAmerican poetry _y20th century _xHistory and criticism. |
|
| 650 | 0 |
_aSoldiers' writings, American _xHistory and criticism. |
|
| 650 | 0 |
_aWar and literature _zEnglish-speaking countries. |
|
| 650 | 0 |
_aWorld War, 1914-1918 _xLiterature and the war. |
|
| 650 | 0 |
_aWorld War, 1939-1945 _xLiterature and the war. |
|
| 650 | 0 |
_aWar poetry, American _xHistory and criticism. |
|
| 650 | 0 |
_aWar poetry, English _xHistory and criticism. |
|
| 655 | 7 |
_aElectronic books. _2local |
|
| 710 | 2 | _aebrary, Inc. | |
| 856 | 4 | 0 |
_uhttp://site.ebrary.com/lib/rucke/Doc?id=10183343 _zAn electronic book accessible through the World Wide Web; click to view |
| 999 |
_c145990 _d145990 |
||